Glossary of hydrologic terms used in Asia and the Far East / (Record no. 74984)
[ view plain ]
| 000 -LEADER | |
|---|---|
| fixed length control field | 01139nam a2200325I 4500 |
| 001 - CONTROL NUMBER | |
| control field | 74984 |
| 003 - CONTROL NUMBER IDENTIFIER | |
| rucl marc code | BD-RjUL |
| 005 - DATE AND TIME OF LATEST TRANSACTION | |
| control field | 20211209082630.0 |
| 008 - FIXED-LENGTH DATA ELEMENTS--GENERAL INFORMATION | |
| fixed length control field | 190104s1956 th 000 0 eng d |
| 035 ## - SYSTEM CONTROL NUMBER | |
| System control number | MITb10395527 |
| System control number | (OCoLC)05534178 |
| System control number | GLIS00395527 |
| System control number | (BD-RjUL)75202 |
| 040 ## - CATALOGING SOURCE | |
| Original cataloging agency | NSA |
| Transcribing agency | NSA |
| Modifying agency | m.c. |
| -- | RCD |
| -- | BD-RjUL |
| Language of cataloging | eng |
| 041 ## - LANGUAGE CODE | |
| Language code of text/sound track or separate title | eng |
| 049 ## - LOCAL HOLDINGS (OCLC) | |
| Holding library | RCDA |
| 082 ## - DEWEY DECIMAL CLASSIFICATION NUMBER | |
| Edition number | 23 |
| Classification number | 551.48 |
| Author mark and year | UNG 1956 |
| 090 ## - LOCALLY ASSIGNED LC-TYPE CALL NUMBER (OCLC); LOCAL CALL NUMBER (OCLC) | |
| Classification number (OCLC) (R) ; Classification number, CALL (RLIN) (NR) | TC405 |
| Local cutter number (OCLC) ; Book number/undivided call number, CALL (RLIN) | .U58 no.10 |
| 099 ## - LOCAL FREE-TEXT CALL NUMBER (OCLC) | |
| Bangla Class number | TC405.U58 no.10 |
| 110 2# - MAIN ENTRY--CORPORATE NAME | |
| Corporate name or jurisdiction name as entry element | United Nations. |
| Subordinate unit | Economic Commission for Asia and the Far East. |
| 9 (RLIN) | 226604 |
| 245 10 - TITLE STATEMENT | |
| Title | Glossary of hydrologic terms used in Asia and the Far East / |
| Statement of responsibility, etc. | United Nations, Economic Commission for Asia and the Far East. |
| 260 ## - PUBLICATION, DISTRIBUTION, ETC. (IMPRINT) | |
| Place of publication, distribution, etc. | Bangkok : |
| Name of publisher, distributor, etc. | United Nations Dept. of Economic Affairs, |
| Date of publication, distribution, etc. | 1956. |
| 300 ## - PHYSICAL DESCRIPTION | |
| Pagination | iv, 38 p.; |
| Size | 29 cm. |
| 490 1# - SERIES STATEMENT | |
| Series statement | Its Flood control series, no. 10 |
| 500 ## - GENERAL NOTE | |
| General note | [United Nations. Document] ST/ECAFE/Ser. F/10. |
| General note | "United Nations publication sales no.: 1956.11.F.7." |
| 650 #0 - SUBJECT ADDED ENTRY--TOPICAL TERM | |
| Topical term or geographic name as entry element | Hydrology |
| Form subdivision | Terminology. |
| 9 (RLIN) | 226605 |
| 830 #0 - SERIES ADDED ENTRY--UNIFORM TITLE | |
| Uniform title | Flood control series ; |
| Volume number/sequential designation | no. 10. |
| 942 ## - ADDED ENTRY ELEMENTS (KOHA) | |
| Source of classification or shelving scheme | Dewey Decimal Classification |
| Koha item type | Books |
| Lost status | Source of classification or shelving scheme | Damaged status | Not for loan | Collection code | Permanent Location | Current Location | Shelving location | Date acquired | Source of acquisition | Cost, normal purchase price | Total Checkouts | Full call number | Date last seen | Copy number | Koha item type |
|---|---|---|---|---|---|---|---|---|---|---|---|---|---|---|---|
| Dewey Decimal Classification | Not For Loan | Non-fiction | Central Library, University of Rajshahi | Central Library, University of Rajshahi | Reading Room | 04/11/1970 | Zeitlinger | 4.00 | 551.48 UNG 1956 | 05/01/2019 | C-1 | Books | |||
| Dewey Decimal Classification | Non-fiction | Central Library, University of Rajshahi | Central Library, University of Rajshahi | 04/11/1970 | Zeitlinger | 551.48 UNG 1956 | 05/01/2019 | C-2 | Books |